| 000 | 00313nam a2200109Ia 4500 | ||
|---|---|---|---|
| 008 | 230907s9999||||xx |||||||||||||| ||und|| | ||
| 082 |
_a621.312429 _bINN |
||
| 245 | 0 | _aInnovations in fuel cell technologies / | |
| 260 |
_aRoyal Society of Chemistry, _bCambridge, UK : _c2010 |
||
| 300 | _axv, 350 p. : | ||
| 942 | _cBK | ||
| 999 |
_c598950 _d598950 |
||